Land vs. Land #174 - Statistiken

Allgemein
  • Dieses Quiz wurde 24 mal gespielt
  • Das Durchschnittsergebnis liegt bei 9 aus 14
Antwortstatistiken
Frage Antwort % Korrekt
...Frieden? Georgien🇬🇪
90%
...Militär? Israel🇮🇱
90%
...Fläche? Georgien🇬🇪
76%
...Bruttoinlandsprodukt pro Kopf? Israel🇮🇱
76%
...Bruttoinlandsprodukt? Israel🇮🇱
71%
...Gesundheitswesen? Israel🇮🇱
71%
...Exportmengen? Israel🇮🇱
71%
...durchschnittlicher IQ? Israel🇮🇱
67%
...Happy Planet Index? Georgien🇬🇪
62%
...Lebenserwartung? Israel🇮🇱
62%
...Gewinner? Israel🇮🇱
62%
...Einwohner? Israel🇮🇱
57%
...HDI (Human Development Index)? Israel🇮🇱
48%
...Tourismus? Georgien🇬🇪
19%
Keine übereinstimmenden Quizze gefunden
Verteilung der Resultate
Anzahl Personen mit jedem Resultat
Perzentil nach korrekt beantworteten Fragen
Ihre Resultats-Entwicklung
Sie haben dieses Quiz noch nicht gespielt